Pruning and Canopy Architecturing in Cashew (Record no. 253402)

MARC details
000 -LEADER
fixed length control field 00312nam a22001217a 4500
082 ## - DEWEY DECIMAL CLASSIFICATION NUMBER
Classification number 634
Item number GAN/PR
100 ## - MAIN ENTRY--PERSONAL NAME
Personal name Gangadhara Nayak,M.
245 ## - TITLE STATEMENT
Title Pruning and Canopy Architecturing in Cashew
260 ## - PUBLICATION, DISTRIBUTION, ETC. (IMPRINT)
Place of publication, distribution, etc. Karnataka
Name of publisher, distributor, etc. Directorate of Cashew research
Date of publication, distribution, etc. 2011
300 ## - PHYSICAL DESCRIPTION
Extent 19
546 ## - LANGUAGE NOTE
Language note English
942 ## - ADDED ENTRY ELEMENTS (KOHA)
Source of classification or shelving scheme Dewey Decimal Classification
Koha item type Books (General)
Holdings
Withdrawn status Lost status Source of classification or shelving scheme Damaged status Not for loan Home library Current library Shelving location Date acquired Total Checkouts Full call number Barcode Date last seen Price effective from Koha item type
    Dewey Decimal Classification     College of Climate Change and Environmental Science, Vellanikkara College of Climate Change and Environmental Science, Vellanikkara   16/02/2019   634 GAN/PR KAU_CCCES-000433 16/02/2019 16/02/2019 Books (General)
Kerala Agricultural University Central Library
Thrissur-(Dt.), Kerala Pin:- 680656, India
Ph : (+91)(487) 2372219
E-mail: librarian@kau.in
Website: http://library.kau.in/